| 000 | 01197nam a22003857a 4500 | ||
|---|---|---|---|
| 001 | BR7705157 | ||
| 003 | BR-BrBNA | ||
| 005 | 20230928085430.0 | ||
| 007 | ta | ||
| 008 | 230509b bl.||||| |||| 00| 0 por d | ||
| 040 |
_aBR-BrBNA _bpor _cBiblioteca Nacional de Agricultura |
||
| 041 | _a(Por) | ||
| 072 |
_aQ10; E30; F00 _b1112 _b9130 _b/G514 |
||
| 090 | _ 1112 BR7705157 | ||
| 110 | 1 |
_aCentro de Treinamento em Desenvolvimento Economico, Fortaleza, CE (Brasil) _91678 |
|
| 245 | 1 |
_aBANANICA. Banana industria e comercio de produtos alimentares [Musa spp, projeto de pesquisa, Sousa, Paraiba, Brasil] _b3. Curso Regular de Elaboracao e Avaliacao de Projetos |
|
| 260 | 3 |
_aFortaleza, CE (Brasil): _c[nd]. |
|
| 300 | _a170 p. | ||
| 500 | _aPublished 1976? | ||
| 650 | _aBANANA | ||
| 650 | _aESTATISTICA DE PRODUCAO | ||
| 650 | _aCUSTO | ||
| 650 | _aCOMERCIALIZACAO | ||
| 650 | _aDOCE | ||
| 650 | _aCONSUMO | ||
| 650 | _aPLANEJAMENTO ADMINISTRATIVO | ||
| 650 | _aFINANCIAMENTO | ||
| 650 | _aMAO-DE-OBRA | ||
| 650 | _aPROJETO INDUSTRIAL | ||
| 650 | _aINDUSTRIA ALIMENTICIA | ||
| 650 | _aSOUSA | ||
| 650 | _aPARAIBA | ||
| 909 |
_a202309 _bLucia _c55 _dLucia Elande |
||
| 942 | _cBK | ||
| 999 |
_c24392 _d24392 |
||